|
|
|
|
| LEADER |
00000 a2200000 4500 |
| 003 |
CL-VaPUC |
| 005 |
20240527115624.0 |
| 008 |
240508t2019 ||||| |||| 00| 0 eng d |
| 999 |
|
|
|c 443640
|d 443638
|
| 020 |
|
|
|a 9781119590132
|
| 040 |
|
|
|c Pontificia Universidad Católica de Valparaíso
|
| 082 |
|
7 |
|a 629.831 NIS 2019
|2 22
|
| 100 |
|
|
|a Nise, Norman S.
|9 552832
|e author
|
| 245 |
|
|
|a Control systems engineering.
|
| 250 |
|
|
|a Eighth Edition.
|
| 260 |
|
|
|a Hoboken, NJ, USA:
|b Wiley,
|c 2019.
|
| 300 |
|
|
|a xiv, 627 páginas.
|
| 583 |
|
|
|k GC
|c 20240508
|
| 650 |
|
|
|a Control automático
|v Libro de texto
|9 888829
|
| 650 |
|
|
|a Ingeniería de sistemas
|v Libro de textos
|9 888830
|
| 942 |
|
|
|2 ddc
|c BK
|
| 952 |
|
|
|0 0
|1 0
|2 ddc
|4 0
|6 629_831000000000000_NIS_2019
|7 0
|8 A
|9 594392
|a BIBMEC
|b BIBMEC
|d 2024-05-08
|e 1
|g 90423.00
|i 5660942
|o 629.831 NIS 2019
|p 5660942
|r 2024-05-08
|t 1
|v 90423.00
|w 2024-05-08
|y BK
|k MEC
|
| 952 |
|
|
|0 0
|1 0
|2 ddc
|4 0
|6 629_831000000000000_NIS_2019
|7 0
|8 A
|9 594393
|a BIBMEC
|b BIBMEC
|d 2024-05-08
|e 1
|g 90423.00
|i 5660944
|o 629.831 NIS 2019
|p 5660944
|r 2024-05-08
|t 3
|v 90423.00
|w 2024-05-08
|y BK
|k MEC
|
| 952 |
|
|
|0 0
|1 0
|2 ddc
|4 0
|6 629_831000000000000_NIS_2019
|7 0
|8 A
|9 594394
|a BIBMEC
|b BIBMEC
|d 2024-05-08
|e 1
|g 90423.00
|i 5660943
|o 629.831 NIS 2019
|p 5660943
|r 2024-05-08
|t 2
|v 90423.00
|w 2024-05-08
|y BK
|k MEC
|